| 000 | 00943nas a2200313 4500 | ||
|---|---|---|---|
| 001 | BR2012006881 | ||
| 003 | BR-BrBNA | ||
| 005 | 20231205121145.0 | ||
| 007 | ta | ||
| 008 | 230509b bl.|||p| |||| 00| 00por d | ||
| 040 |
_aBR-BrBNA _bpor _cBiblioteca Nacional de Agricultura |
||
| 041 | _a(Pt) | ||
| 072 | _aH10 | ||
| 100 | 1 | _aLopes, A.P.S. | |
| 100 | 1 | _aDiniz, I.R. | |
| 100 | 1 | _aMoraes, C.B. | |
| 100 | 1 | _aBorges, M. | |
| 100 | 1 | _aLaumann, R.A. | |
| 245 | 1 | _aDefesas induzidas por herbivoria e interações específicas no sistema tritrófico soja-percevejos-parasitoides de ovos | |
| 650 | _aSOJA | ||
| 650 | _aPERCEVEJO | ||
| 650 | _aINDUÇÃO | ||
| 650 | _aOVO | ||
| 650 | _aCONTROLE BIOLÓGICO | ||
| 650 | _aDEFESA VEGETAL | ||
| 773 | 0 |
_tPesquisa Agropecuária Brasileira (Brazil) _xISSN 0100-204X _g(Jun 2012), v. 47(6) p. 875-878 _wBR2012006881 |
|
| 909 |
_a202311 _bLúcia _c55 _dLúcia Elande |
||
| 942 |
_2AGRIS _n0 _cANA |
||
| 999 |
_c222096 _d222096 |
||